Dictionary of biblical interpretation / (Record no. 7167)
[ view plain ]
| 000 -LEADER | |
|---|---|
| fixed length control field | 00583pam a2200181 a 4500 |
| 001 - CONTROL NUMBER | |
| control field | 1200140 |
| 005 - DATE AND TIME OF LATEST TRANSACTION | |
| control field | 20250725113418.0 |
| 008 - FIXED-LENGTH DATA ELEMENTS--GENERAL INFORMATION | |
| fixed length control field | 981022s1999 tnu bd 000 0 eng |
| 020 ## - INTERNATIONAL STANDARD BOOK NUMBER | |
| International Standard Book Number | 0687055318 |
| Qualifying information | hardcover : alk. paper |
| 020 ## - INTERNATIONAL STANDARD BOOK NUMBER | |
| International Standard Book Number | 9780687055319 |
| Qualifying information | (hardcover : alk. paper) |
| 050 00 - LIBRARY OF CONGRESS CALL NUMBER | |
| Classification number | BS500 |
| Item number | .D5 1999 |
| 082 00 - DEWEY DECIMAL CLASSIFICATION NUMBER | |
| Classification number | 220.6/03 |
| Edition information | 21 |
| 245 00 - TITLE STATEMENT | |
| Title | Dictionary of biblical interpretation / |
| Statement of responsibility, etc. | John H. Hayes, general editor. |
| 260 ## - PUBLICATION, DISTRIBUTION, ETC. | |
| Place of publication, distribution, etc. | Nashville : |
| Name of publisher, distributor, etc. | Abingdon Press, |
| Date of publication, distribution, etc. | c1999. |
| 300 ## - PHYSICAL DESCRIPTION | |
| Extent | 2 v. ; |
| Dimensions | 27 cm. |
| 700 1# - ADDED ENTRY--PERSONAL NAME | |
| Personal name | Hayes, John H. |
| Fuller form of name | (John Haralson), |
| Dates associated with a name | 1934-2013. |
| 942 ## - ADDED ENTRY ELEMENTS (KOHA) | |
| Source of classification or shelving scheme | Library of Congress Classification |
| Koha item type | Books |
| Suppress in OPAC | No |
| 999 ## - | |
| -- | 7167 |
| -- | 7167 |
| Withdrawn status | Lost status | Source of classification or shelving scheme | Damaged status | Not for loan | Collection | Home library | Current library | Shelving location | Date acquired | Total checkouts | Full call number | Barcode | Date last seen | Copy number | Price effective from | Koha item type |
|---|---|---|---|---|---|---|---|---|---|---|---|---|---|---|---|---|
| Library of Congress Classification | Reference | Undergraduate Library (Christ Temple) | Undergraduate Library (Christ Temple) | General stacks | 07/25/2025 | REF BS500 DIC | ulct00004161 | 07/25/2025 | 1 | 07/25/2025 | Books |